| 000 | 00483nam a22001695i 4500 | ||
|---|---|---|---|
| 008 | 210927s2022 pau 000 0 eng | ||
| 020 | _a9780323828093 | ||
| 050 |
_aRT41 _b.Y66 |
||
| 100 | 1 | _aYoost, Barbara, | |
| 245 | 1 | 0 |
_aFundamentals of nursing, active learning for collaborative practice / _cBarbara Yoost, Lynne Crawford. |
| 250 | _aThird. | ||
| 260 |
_aMissouri _bElsevier Ltd _c2023 |
||
| 300 | _apages cm | ||
| 650 | _aNursing | ||
| 700 | 1 | _aCrawford, Lynne, | |
| 942 | _cBK | ||
| 999 |
_c2609 _d2609 |
||